00330nam a2200133Ia 4500008004100000020001500041041001200056082001100068100001300079245005600092260002500148300000800173650001500181221030s9999 xx 000 0 und d a0070263628 aEnglish a105.23 aA. Kazmi 0aStrategic Management & Business Policycby A. Kazmi bTMHaNew Delhic2009 a698 aManagement